书目信息 |
| 题名: |
蓝色圈地运动
|
|
| 作者: | 赵恩波 , 贾宇 编著 | |
| 分册: | ||
| 出版信息: | 福州 福建教育出版社 2010.07 |
|
| 页数: | 151页 | |
| 开本: | 23cm | |
| 丛书名: | ||
| 单 册: | ||
| 中图分类: | P741 | |
| 科图分类: | ||
| 主题词: | 海洋资源 , 海洋资源--海洋开发 , 海洋开发 | |
| 电子资源: | ||
| ISBN: | 978-7-5334-2943-0 | |
| 000 | 00669nam0 2200241 45 | |
| 001 | 0011022086 | |
| 005 | 20111229120254.15 | |
| 010 | @a978-7-5334-2943-0@dCNY19.80 | |
| 100 | @a20001102d2010 km y0chiy0120 ea | |
| 101 | 0 | @achi |
| 105 | @ay z 000yy | |
| 200 | 1 | @a蓝色圈地运动@ALan Se Quan Di Yun Dong@f赵恩波, 贾宇编著@Fzhao en bo,jia yu bian zhu |
| 205 | @a第2版 | |
| 210 | @a福州@c福建教育出版社@d2010.07 | |
| 215 | @a151页@d23cm | |
| 606 | 0 | @a海洋资源 |
| 606 | 0 | @a海洋资源@x海洋开发 |
| 606 | 0 | @a海洋开发 |
| 690 | @aP741@v3 | |
| 701 | 0 | @a赵恩波@4编著 |
| 701 | 0 | @a贾宇@4编著 |
| 801 | @aCN@bPftUser@c20111229 | |
| 905 | @b197350-352@dP741@eZ290=2@f3 | |
| 蓝色圈地运动/赵恩波, 贾宇编著.-第2版.-福州:福建教育出版社,2010.07 |
| 151页;23cm |
| ISBN 978-7-5334-2943-0:CNY19.80 |
| ● |
| 相关链接 |
|
|
|
正题名:蓝色圈地运动
索取号:P741/Z290=2
 
预约/预借
| 序号 | 登录号 | 条形码 | 馆藏地/架位号 | 状态 | 备注 |
| 1 | 1068468 | 210684687 | 期刊室512/401自科库 130排2列2层/ [索取号:P741/Z290=2] | 在馆 | |
| 2 | 1068469 | 210684696 | 期刊室512/401自科库 130排2列2层/ [索取号:P741/Z290=2] | 在馆 | |
| 3 | 1068470 | 210684703 | 自科库401/401自科库 134排2列4层/ [索取号:P741/Z290=2] | 在馆 |